banner-ar

اثار مصر الوسطى : (Record no. 60275)

MARC details
000 -الفاتح
حقل البيانات ثابتة الطول 01101nam a22002417a 4500
005 - وقت وتاريخ اخر تعامل مع التسجيلة
رقم الضبط 20240530110402.0
008 - عناصر البيانات ثابتة الطول - معلومات عامة
حقل البيانات ثابتة الطول 150121s2008 ua o p f b 000 0 ara d
040 ## - مصدر الفهرسة
وكالة الفهرسة الأصلية EG-CaGPL
041 0# - رمز اللغة
رمز لغة النص/ المسارات الصوتية أو العنوان الانفرادي ara
082 04 - رقم تصنيف ديوى العشرى
رقم الطبعة 21
رقم التصنيف 916.22
رقم المادة ق/م آ
100 0# - المدخل الرئيسى - إسم شخصى
الإسم الشخصى محمد عبدالفتاح السيد
245 10 - بيان العنوان
العنوان اثار مصر الوسطى :
بقية العنوان قاعدة المعلومات الجغرافية الاثرية ( AGIS ) و قاعدة المعلومات الاثرية الاستدلالية السياحية للموقع لالثرى فى مصر :المشروع الثانى /
بيان المسئوليه,etc محمد عبدالفتاح السيد
260 ## - PUBLICATION, DISTRIBUTION, ETC. (IMPRINT)
تاريخ النشر أو التوزيع 2008
300 ## - الوصف المادى
التعداد 342 ص :
تفاصيل ماديه اخرى للوعاء صور ،
أبعاد الوعاء 24 سم
504 ## - تبصرة ببليوجرافية
تبصرة ببليوجرافية,الخ ببليوجرافية : ص 337 - 342
650 04 - المدخل الاضافى بالموضوع-مصطلح موضوعى
مصطلح موضوعي مقابر بن حسن
650 04 - المدخل الاضافى بالموضوع-مصطلح موضوعى
مصطلح موضوعي مصر الوسطى
التقسيم الفرعي العام اثار
650 04 - المدخل الاضافى بالموضوع-مصطلح موضوعى
مصطلح موضوعي واحة البحرية
التقسيم الفرعي العام اثار
650 04 - المدخل الاضافى بالموضوع-مصطلح موضوعى
مصطلح موضوعي ابيدوس
التقسيم الفرعي العام اثار
650 04 - المدخل الاضافى بالموضوع-مصطلح موضوعى
مصطلح موضوعي تل العمارنة
التقسيم الفرعي العام اثار
942 ## - عناصر المدخل الإضافي( كوها)
مصدر التصنيف او مخطط الترفيف Dewey Decimal Classification
Koha [default] item type كتاب
260 ## - PUBLICATION, DISTRIBUTION, ETC. (IMPRINT)
-- الاسكندرية :
-- دار الوفاء لدنيا الطباعة و النشر ،
Holdings
حالة التراجع حالة الفقد حالة تلف ليس للاعارة المكان المؤقت الموقع الحالى تاريخ الاكتساب اجمالي اﻻعارات رقم الطلب الباركود تاريخ اخر مشاهدة تاريخ تفعيل السعر نوع وعاء كوها
        مكتبة القاهرة الكبرى مكتبة القاهرة الكبرى 01/21/2015   916.22 ق/م آ 159283 01/21/2015 01/21/2015 كتاب

Powered By

EGPV